000 00300nam a22001337a 4500
003 SGT
020 _a978-93-88022-47-7
082 _a615
_bUDD
100 _aUDDIN, REHAN
245 _aA TEXTBOOK OF PHARMACEUTICAL ENGINEERING
260 _aINDIA
_bIP PUB.
_c2025
300 _a133
942 _2ddc
_cBK
999 _c32430
_d32430